000 05801namaa22004451i 4500
003 EG-GICUC
005 20260416195414.0
008 260416s2025 ua a|||frm||| 000 0 eng d
040 _aEG-GICUC
_beng
_cEG-GICUC
_dEG-GICUC
_erda
041 0 _aeng
_beng
_bara
049 _aDeposit
082 0 4 _a615.82
092 _a615.82
_221
097 _aM.Sc
099 _aCai01.21.04.M.Sc.2025.Ma.E
100 0 _aMai Ali Galal EL Sayed,
_epreparation.
245 1 0 _aEffect of laser acupuncture on menstrual back pain /
_cby Mai Ali Galal EL Sayed ; Supervisors Prof Dr. Afaf Mohamed Mahmoud Botla, Prof Dr. Sameh Hussien Samir, Dr. Marwa Mohamed Ahmed Mahran.
246 1 5 _aتأثير الوخز بالليزر في علاج آلام الظهر المصاحبة للطمث
264 0 _c2025.
300 _a70 pages :
_billustrations ;
_c25 cm. +
_eCD.
336 _atext
_2rda content
337 _aUnmediated
_2rdamedia
338 _avolume
_2rdacarrier
502 _aThesis (M.Sc)-Cairo University, 2025.
504 _aBibliography: pages 56-66.
520 3 _aBackground: Menstrual low back pain (LBP) is the third most common complaint of menstrual discomfort which affects 46% to 56% of the population. Laser acupuncture (LA) is used to relieve pain and improve function by activating pain-gate mechanisms. Purpose: The aim of this study was to determine the effect of LA on menstrual LBP, pain pressure threshold (PPT) and activities of daily living (ADL). Methods: Thirty-two women suffering from menstrual LBP were randomly divided into two equal groups: The intervention group (n = 16) received LA on the points (BL23, BL26, BL40, SP6) and the control group (n = 16) received sham LA on the same points. Treatment was delivered 16 minutes per session, 3 sessions every menstrual cycle for 3 consecutive menstrual cycles. The severity of the pain was measured using a visual analogue scale (VAS), and the PPT was measured using pressure algometry. Additionally, person’s ability to perform her ADL during menstruation was assessed throughout instrumental activities of daily living (IADL) questionnaire. Results: There was statistically significant improvement (p < 0.05) in VAS, PPT and IADL in the intervention group only post treatment compared to pretreatment (p< 0.01). Regarding group comparisons, there was a significant improvement in VAS, PPT, and IADL of group A compared with that of group B post treatment (p = 0.001). Conclusion: LA is an effective treatment for menstrual LBP by improving pain intensity, PPT and ADL.
520 3 _aالخلفية العلمية: آلام أسفل الظهر أثناء الطمثاحتلتالمركز الثالث من حيث الانتشارحيث تؤثر على٤٦٪ إلى ٥٦٪. يستخدم الوخز بالليزر لتخفيفالألم وتحسين الوظيفة عن طريق تنشيط آليات بوابة الألم.الهدف:دراسة تأثير الوخز بالليزر على آلام أسفل الظهر، معدل احتمالالألموأنشطة الحياة اليومية أثناء الدورة الشهرية.الطريقة:تم تقسيم اثنين وثلاثين سيدة تعاني من آلام أسفل الظهرالمصاحبة للطمثعشوائياإلى مجموعتين متساويتين (أ و ب). المجموعة (أ) (مجموعة الدراسة): قد تلقتالوخز بالليزر على النقاط (BL23 ، BL26 ، BL40 ، SP6) و المجموعة (ب) (المجموعة الضابطة): قدتلقتالوخز بالليزر الوهمي على نفس النقاط. تم تطبيق العلاج بواقع 16 دقيقة في كل جلسة، ٣ جلسات أثناء٣ دورات شهرية متتالية.تم قياس شدة الألم باستخدام مقياس النظير البصري. أيضا، تم قياسمعدل احتمال الألم باستخدامجهاز الألجوميتريبالإضافة إلى ذلك، تم تقييم قدرة الشخص على أداء الأنشطة اليومية باستخداماستبيان مؤشرالعجزعلى الأنشطة اليومية.النتائج: أظهرت النتائج وجود تحسنذي دلالة إحصائيةفي متوسط مقياس النظير البصري في المجموعة (أ) مقارنة بالمجموعة(ب)القيمةالمحتملة>٠٫٠٠١.كما أظهرت نتائج مدى تحمل الألم واستبيان مؤشرالعجزعلى الأنشطة اليومية أن هناك زيادة ذات دلالة إحصائية في المجموعة (أ) بالمقارنة مع قيمتها المقابلة في المجموعة (ب) القيمةالمحتملة>٠٫٠١.الخلاصة:يعتبر العلاج باستخدامالوخز بالليزر علاجًا فعالًا لآلام الظهر المصاحبة للطمثمن خلال تحسين شده الالم ومعدلاحتمال الألموأنشطة الحياة اليومية.
530 _aIssues also as CD.
546 _aText in English and abstract in Arabic & English.
650 0 _aPhysical Therapy
650 0 _aالعلاج الطبيعي
653 1 _aMenstruation
_aDysmenorrhea
_aMenstrual Low back pain
_aLaser acupuncture
_aالحيض
_aعسر الطمث
700 0 _aAfaf Mohamed Mahmoud Botla
_ethesis advisor.
700 0 _aSameh Hussien Samir
_ethesis advisor.
700 0 _aMarwa Mohamed Ahmed Mahran
_ethesis advisor.
900 _b01-01-2025
_cAfaf Mohamed Mahmoud Botla
_cSameh Hussien Samir
_cMarwa Mohamed Ahmed Mahran
_UCairo University
_FFaculty of Physical Therapy
_DDepartment of Physical Therapy for Women’s Health
905 _aShimaa
942 _2ddc
_cTH
_e21
_n0
999 _c179541